Obras completas / (Record no. 150975)

MARC details
000 -LEADER
campo de control de longitud fija 01405nam a22003255i 4500
001 - NÚMERO DE CONTROL
campo de control 150975
003 - IDENTIFICADOR DE NÚMERO DE CONTROL
campo de control ES-MaACL
005 - FECHA Y HORA DE LA ÚLTIMA TRANSACCIÓN
campo de control 20240613093836.0
007 - CAMPO FIJO DE DESCRIPCIÓN FÍSICA--INFORMACIÓN GENERAL
campo de control de longitud fija t|
008 - DATOS DE LONGITUD FIJA--INFORMACIÓN GENERAL
campo de control de longitud fija 071123s2007 sp ||||1| spa d
020 ## - NÚMERO INTERNACIONAL ESTÁNDAR DEL LIBRO
Número Internacional Estándar del Libro 978-84-672-2366-8 (Círculo de Lectores)
020 ## - NÚMERO INTERNACIONAL ESTÁNDAR DEL LIBRO
Número Internacional Estándar del Libro 978-84-8109-648-4(Galaxia Gutenberg)
080 ## - NÚMERO DE LA CLASIFICACIÓN DECIMAL UNIVERSAL
Número de la Clasificación Decimal Universal 821.134.2-31"19"
100 1# - ENTRADA PRINCIPAL--NOMBRE DE PERSONA
Nombre de persona Ayala, Francisco,
Fechas asociadas al nombre 1906-2009
9 (RLIN) 24111
245 10 - MENCIÓN DEL TÍTULO
Título Obras completas /
Mención de responsabilidad, etc. Francisco Ayala ; edición de Carolyn Richmond ; con la colaboración de la Fundación Francisco Ayala.
260 ## - PUBLICACIÓN, DISTRIBUCIÓN, ETC.
Lugar de publicación, distribución, etc. Barcelona :
Nombre del editor, distribuidor, etc. Galaxia Gutenberg,
Fecha de publicación, distribución, etc. 2007-
300 ## - DESCRIPCIÓN FÍSICA
Extensión 5 v. ;
Dimensiones 21 cm.
490 1# - MENCIÓN DE SERIE
Mención de serie Opera mundi
500 ## - NOTA GENERAL
Nota general Índices.
505 8# - NOTA DE CONTENIDO CON FORMATO
Nota de contenido con formato Contiene: I. Narrativa / edición y prólogo de Carolyn Richmond .- II. Autobriografía(s) / prólogo de Luis García Montero.- III. Estudios literarios / prólogo de Ricardo Senabre. - IV. Sociología y ciencias sociales / prólogo de Salvador Giner. - V. Ensayos políticos y sociológicos / prólogo de Pedro Cerezo Galán
700 1# - ENTRADA AGREGADA--NOMBRE PERSONAL
Nombre de persona Richmond, Carolyn.
9 (RLIN) 96962
700 1# - ENTRADA AGREGADA--NOMBRE PERSONAL
Nombre de persona Senabre, Ricardo.
9 (RLIN) 105434
700 1# - ENTRADA AGREGADA--NOMBRE PERSONAL
Nombre de persona Giner, Salvador.
9 (RLIN) 57117
700 0# - ENTRADA AGREGADA--NOMBRE PERSONAL
Nombre de persona Cerezo Galán, Pedro,
Fechas asociadas al nombre 1935-
9 (RLIN) 37504
700 1# - ENTRADA AGREGADA--NOMBRE PERSONAL
Nombre de persona García Montero, Luis,
Fechas asociadas al nombre 1958-
9 (RLIN) 54978
710 2# - ENTRADA AGREGADA--NOMBRE DE ENTIDAD CORPORATIVA
Nombre de entidad corporativa o nombre de jurisdicción como elemento de entrada Fundación Francisco Ayala.
9 (RLIN) 4309
830 0# - PUNTO DE ACCESO ADICIONAL DE SERIE-TÍTULO UNIFORME
Título uniforme Opera mundi
9 (RLIN) 180669
852 4# - LOCALIZACIÓN
Ubicación ES-MaACL
Número de control de estantería P-1997
Holdings
Estatus retirado Estado de pérdida Estado de daño No para préstamo Biblioteca de origen Biblioteca actual Ubicación en estantería Fecha de adquisición Fuente de adquisición Total de préstamos Signatura topográfica completa Código de barras Visto por última vez Precio de reemplazo Tipo de ítem Koha
        Biblioteca del Ateneo de Madrid Biblioteca del Ateneo de Madrid Depósito 2 17/01/2008     P-1997 1157540 23/02/2023 23/02/2023 Libro impreso